| 000 | 00980cam a2200217 4500 | ||
|---|---|---|---|
| 001 | WB3821-25 | ||
| 008 | 020611n2002 000 0 eng u | ||
| 035 | _a(Sirsi) u118360 | ||
| 245 | _aMunicipal waste rising but landfilled proportion falling | ||
| 260 | _c2002 | ||
| 490 |
_aEnvironment Information Bulletin _v (120) June 2002 5(1) |
||
| 520 | _aThe most recent municipal waste management survey based on information from local authorities shows a continuing increase in waste produced largely from households. Landfilled waste is decreasing with concomitant increase in recycling, composting and incineration with energy recovery. Survey results available at http://www.defra.gov.uk/environment/statistics/des/waste/bulletin/index.htm | ||
| 590 | _aWB | ||
| 650 | _aMUNICIPAL WASTE | ||
| 650 | _aLANDFILL | ||
| 650 | _aRECYCLING | ||
| 650 | _aCOMPOSTING | ||
| 650 | _aINCINERATION | ||
| 690 | _aENVIRONMENTAL AND LAND CONSULTANCY-WASTE MANAGEMENT | ||
| 942 | _n0 | ||
| 999 |
_c70453 _d70453 |
||